000 00416nam a2200181 a 4500
001 682
003 CO-ViMGA
008 141112s2004 ck r 000 u spa d
040 _aCO-ViMGA
_bspa
_cCO-ViMGA
082 0 4 _a891.73 T657a
100 1 _aTolstoi, León
245 1 0 _aAna Karenina
250 _a8a
260 _aMexico :
_bPorrúa,
_c1993
300 _a482 p
650 1 4 _aNOVELA RUSA
_94026
942 _2ddc
_cBK
999 _c12920
_d12920